Entry Personal Name
Number of records used in: 1
001 - CONTROL NUMBER
003 - CONTROL NUMBER IDENTIFIER
005 - DATE AND TIME OF LATEST TRANSACTION
- control field:
20220725093619.0
008 - FIXED-LENGTH DATA ELEMENTS
- fixed length control field:
960510n| acannaab| |a aaa
010 ## - LIBRARY OF CONGRESS CONTROL NUMBER
- LC control number:
n 89267153
040 ## - CATALOGING SOURCE
- Original cataloging agency:
DLC
- Transcribing agency:
DLC
100 10 - HEADING--PERSONAL NAME
- Personal name:
Pandya, Kiran
400 00 - SEE FROM TRACING--PERSONAL NAME
- Personal name:
Kiran Pandya
670 ## - SOURCE DATA FOUND
- Source citation:
Agrarian structure, new technology, and labour absorption in Indian agriculture, 1996:
- Information found:
t.p. (Kiran Pandya) pref. (Dept. of Econ., South Gujarat U., Surat) jkt. (Dr. Kiran Pandya; M. Phil. fr. U. of Poona; Ph. D. fr. U. of Sussex (U.K.))